Ulgi w ustawie o podatku rolnym

Salvato in:
Dettagli Bibliografici
Autore principale: Rodzinka, Jacek
Altri autori: Dubovická, Lenka, Rogozińska-Mitrut, Joanna, Karyagin, Yurij O.
Natura: Capitolo di libro
Lingua:polacco
Tags: Aggiungi Tag
Nessun Tag, puoi essere il primo ad aggiungerne!!

MARC

LEADER 00000naa$a2200000$$$4500
001 0160901
005 20240502083357.7
041 0 |a pol 
044 |a PL 
245 1 0 |a Ulgi w ustawie o podatku rolnym  |c Jacek Rodzinka, Lenka Dubovická, Joanna Rogozińska-Mitrut, Yurij O. Karyagin 
100 1 |a Rodzinka, Jacek 
700 1 |a Dubovická, Lenka 
700 1 |a Rogozińska-Mitrut, Joanna 
700 1 |a Karyagin, Yurij O.